Cities by Ending A-Z - Statistics

General Stats
  • This quiz has been taken 63 times
  • The average score is 14 of 26
Answer Stats
Hint City % Correct
D Britain's oldest university Oxford
94%
W A communist pact was created here Warsaw
87%
C Brandy type named for a French town Cognac
83%
G Sweden's main port Gothenburg
83%
N World's southernmost capital Wellington
78%
M Served by the Schiphol Airport Amsterdam
76%
A Pizarro founded it in 1535 Lima
76%
T Anderson film: Grand _______ Hotel Budapest
72%
E Hosts one of the tennis majors Melbourne
69%
Z World's highest national capital La Paz
63%
X Named for a type of fictional bird Phoenix
63%
F Sometimes paired with Cologne Düsseldorf
61%
I Chiang Kai-shek's seat of power Taipei
59%
B Its main square is Ban Jelačić Zagreb
57%
U Site of Black Hawk Down Incident Mogadishu
56%
V Largest city in western Ukraine Lviv
52%
H De-facto capital of Palestine Ramallah
52%
Y Burmese city or a Vegas casino Mandalay
50%
L "Paris of Central Asia", formerly Kabul
41%
O Charles Leclerc's hometown Monaco
41%
R Moroccan city near Strait of Gibraltar Tangier
30%
S Site of the Umayyad Mosque Damascus
28%
K Coldest major city in the world Yakutsk
26%
P Diamond capital of the world Antwerp
24%
J Largest suburb of Tehran Karaj
6%
Q Bahrain's second-largest island/city Muharraq
6%
No matching quizzes found
Score Distribution
Percent of People with Each Score
Percentile by Number Answered
Your Score History
You have not taken this quiz